00592nam a22001697a 4500003000500000005001700005008004100022020001500063038001500078082001200093100002800105245015300133260003700286300003300323650003800356700002800394NUST20190712100748.0190712b ||||| |||| 00| 0 eng d qHardcover. aMr. Zahoor a620.005 aTahir, Muhammad Rohail  aThe Impact of Emotional Intelligence (E1) And Altruism on Turnover Intentions (T1), A Study On A Public Sector Organization /cMuhammad Rohail Tahir aIslamabad :bCEME - NUST,c2018. axiii, 101 p. : ill. ;c30cm. aEngineering Managment - MS Thesis aDr. Fahim Qaisar Jamal